| 000 | 00955 a2200325 4500 | ||
|---|---|---|---|
| 001 | 63020 | ||
| 005 | 20260407155924.0 | ||
| 008 | 260407a1978 arg spa d | ||
| 003 | AR-UNSa-BCEJYS | ||
| 040 |
_aAR-UNSa-BCEJYS _bspa _cAR-UNSa-BCEJYS |
||
| 080 |
_a369 _xSeguridad social |
||
| 245 | 1 | 0 | _aCurso de seguridad social |
| 264 | 1 |
_aCórdoba : _bUniversidad Nacional de Córdoba _c1978 |
|
| 300 |
_a570 p. _c23 cm. |
||
| 041 | _aspa | ||
| 942 | _cBK | ||
| 590 | _aniveau_biblio:m niveau_hierar:0 | ||
| 100 | 1 | _aHünicken, Javier | |
| 700 | 1 | _aDe Cesaris, Horacio | |
| 700 | 1 | _aGrego, Rubén O. | |
| 700 | 1 | _aBidart Campos, German J. | |
| 700 | 1 | _aEtala, Juan José | |
| 700 | 1 | _aGarcía Díaz, Carlos J. | |
| 700 | 1 | _aVillada, Carlos A. | |
| 700 | 1 | _aVázquez Vialard, Antonio | |
| 700 | 1 | _aMoles, Ricardo R. | |
| 700 | 1 | _aMartínez Vivot, Julio José | |
| 700 | 1 | _aAltamira Gigena, Raúl Enrique | |
| 700 | 1 | _aFustinoni, Osvaldo | |
| 999 |
_c7922 _d7922 |
||